| 000 | 00520nam a2200181Ia 4500 | ||
|---|---|---|---|
| 003 | OSt | ||
| 005 | 20200925100714.0 | ||
| 008 | 190216s9999||||xx |||||||||||||| ||und|| | ||
| 020 | _a0706904117 | ||
| 040 | _coclc | ||
| 082 |
_a576.64 _bBIS/I |
||
| 100 |
_aBiswas, S B _94935 |
||
| 245 | 0 |
_aAn Introduction To Viruses / _cS B Biswas ; Amita Biswas |
|
| 260 |
_bVikas Publishing House, _c1976. _aNew Delhi: |
||
| 300 | _a200p | ||
| 650 | _aBotany | ||
| 942 |
_cBK _2ddc _h576.64 _iBIS/I _k576.64 _mBIS/I |
||
| 999 |
_c1359 _d1359 |
||